000 00738nam a2200217 i 4500
001 67418
003 ES-MaACL
005 20240419214543.0
007 t|
008 190702s1967 sp ||||0| spa d
100 0 _aNeill, Stephen.
_985338
245 1 3 _aLa interpretación del Nuevo Testamento 1861-1961 /
_cStephen Neill ; [traducción, José Luis Lana].
260 _a[Barcelona] :
_bEdic. 62,
_c[1967]
300 _a437 p. ;
_c20 cm.
490 1 _aColección Pensamiento Cristiano ;
_v12
630 4 _aBiblia.
_pN.T.-
_xCrítica e interpretación
_9119291
700 1 _aLana, José Luis.
_969884
830 0 _aColección pensamiento cristiano
_v12
_9179624
852 _aES-MaACL
_jP-618-Ter-9
999 _c67418
_d67418